000 00895nam a2200289 a 4500
999 _c7256
_d7256
001 24502636
003 OSt
005 20190205100304.0
008 910916t19911991nyua b 001 0 eng
010 _a91036213
020 _a0883447630 (pbk.) :
040 _aDLC
_cDLC
_dUtOrBLW
050 0 0 _aBV4319
_b.K73 1991
082 0 0 _a261.52
_220
_bK89C
100 1 _aKraft, Charles H
245 1 0 _aCommunication theory for Christian witness /
_cCharles H. Kraft
250 _aRevised edition
264 1 _aMaryknoll, N.Y. :
_bOrbis Books,
_c[1991]
264 4 _c©1991
300 _axi, 180 pages :
_billustrations ;
_c24 cm
336 _atext
_btxt
_2rdacontent
337 _aunmediated
_bn
_2rdamedia
338 _avolume
_bnc
_2rdacarrier
504 _aIncludes bibliographical references (pages 175-178) and index
650 0 _aCommunication
_xReligious aspects
_xChristianity
942 _2ddc
_cBK